000 00737nam a2200265 a 4500
001 000048001
003 DO-SdBNP
005 20240530073924.0
007 ta
008 100324s1987 dr 000 f spa d
020 _a84000044
040 _aDO-SdBNP
_bspa
_cBNPHU
082 4 _aRD863.42
_bM358o, 1987
_222
100 1 _aMarrero Aristy, Ramón,
_d1913-1959
_922324
245 1 0 _aOver /
_cRamón Marrero Aristy.
250 _a13a. ed.
260 _aSanto Domingo :
_bTaller,
_c1987.
300 _a224 p. ;
_c21 cm.
490 1 _aBiblioteca Taller
_v14
590 _aInventariado, 2018/VM
650 0 _aNovela dominicana
_9223
650 0 _aLiteratura dominicana.
_967
830 0 _aBiblioteca Taller
_v14
_9164
942 _2ddc
_cLBS1
999 _c47489
_d47489